|
|
|
|
| LEADER |
00000nam0a2200000 4500 |
| 001 |
369760 |
| 005 |
20231102012220.0 |
| 035 |
|
|
|a (RuTPU)RU\TPU\retro\27167
|
| 090 |
|
|
|a 369760
|
| 100 |
|
|
|a 20220602d1980 km y0rusy50 ca
|
| 101 |
0 |
|
|a rus
|
| 102 |
|
|
|a UA
|
| 105 |
|
|
|a a z 001zy
|
| 200 |
1 |
|
|a Гидрозащита от взрывов угольной пыли в шахтах
|f М. И. Нецепляев, П. М. Петрухин, В. М. Кравец
|
| 210 |
|
|
|a Киев
|c Технiка
|d 1980
|
| 215 |
|
|
|a 132 с.
|c ил.
|
| 320 |
|
|
|a Библиогр.: с. 129-130
|
| 606 |
1 |
|
|a Угольные шахты
|x Борьба с пылью
|2 stltpush
|3 (RuTPU)RU\TPU\subj\62788
|9 79855
|
| 610 |
1 |
|
|a гидрозащита
|
| 610 |
1 |
|
|a угольная пыль
|
| 610 |
1 |
|
|a взрывы
|
| 610 |
1 |
|
|a пылевые аэрозоли
|
| 610 |
1 |
|
|a пылеотложение
|
| 610 |
1 |
|
|a водяные завесы
|
| 610 |
1 |
|
|a размещение
|
| 675 |
|
|
|a 622.807
|v 4
|
| 700 |
|
1 |
|a Нецепляев
|b М. И.
|g Михаил Иванович
|
| 701 |
|
1 |
|a Петрухин
|b П. М.
|g Петр Митрофанович
|
| 701 |
|
1 |
|a Кравец
|b В. М.
|g Владимир Михайлович
|
| 801 |
|
1 |
|a RU
|b 63413507
|c 20220602
|
| 801 |
|
2 |
|a RU
|b 63413507
|c 20220602
|g RCR
|
| 942 |
|
|
|c BK
|